Country Flags of the World RANDOM - Statistics

General Stats
  • This quiz has been taken 26 times
  • The average score is 142 of 196
Answer Stats
Picture Answer % Correct
Finland
93%
South Korea
93%
Australia
86%
Canada
86%
China
86%
France
86%
Germany
86%
Greece
86%
Iceland
86%
India
86%
Israel
86%
Italy
86%
Jamaica
86%
Kosovo
86%
Mexico
86%
Nepal
86%
New Zealand
86%
North Korea
86%
Norway
86%
Qatar
86%
South Africa
86%
Spain
86%
Sweden
86%
Switzerland
86%
United Arab Emirates
86%
United Kingdom
86%
United States
86%
Venezuela
86%
Argentina
79%
Azerbaijan
79%
Bangladesh
79%
Barbados
79%
Brazil
79%
Cambodia
79%
Chile
79%
Colombia
79%
Cuba
79%
Cyprus
79%
Czech Republic
79%
Denmark
79%
Dominica
79%
Dominican Republic
79%
Egypt
79%
Estonia
79%
Georgia
79%
Iran
79%
Iraq
79%
Ivory Coast
79%
Japan
79%
Kazakhstan
79%
Lebanon
79%
Libya
79%
Madagascar
79%
Mongolia
79%
Panama
79%
Poland
79%
Romania
79%
Russia
79%
Saudi Arabia
79%
Serbia
79%
Singapore
79%
Slovakia
79%
Somalia
79%
Taiwan
79%
Turkey
79%
Uganda
79%
Ukraine
79%
Uruguay
79%
Vatican City
79%
Vietnam
79%
Afghanistan
71%
Algeria
71%
Andorra
71%
Angola
71%
Armenia
71%
Austria
71%
Bahamas
71%
Bahrain
71%
Belarus
71%
Belgium
71%
Benin
71%
Bhutan
71%
Bosnia & Herzegovina
71%
Botswana
71%
Brunei
71%
Bulgaria
71%
Cape Verde
71%
Chad
71%
Costa Rica
71%
Croatia
71%
D.R. Congo
71%
Ecuador
71%
El Salvador
71%
Eritrea
71%
Eswatini
71%
Ethiopia
71%
Fiji
71%
F.S. of Micronesia
71%
Guatemala
71%
Hungary
71%
Indonesia
71%
Ireland
71%
Jordan
71%
Kenya
71%
Kyrgyzstan
71%
Latvia
71%
Lesotho
71%
Liechtenstein
71%
Lithuania
71%
Luxembourg
71%
Malawi
71%
Malaysia
71%
Maldives
71%
Malta
71%
Marshall Islands
71%
Moldova
71%
Monaco
71%
Montenegro
71%
Morocco
71%
Niger
71%
North Macedonia
71%
Pakistan
71%
Paraguay
71%
Peru
71%
Philippines
71%
Portugal
71%
Rwanda
71%
San Marino
71%
Seychelles
71%
Sierra Leone
71%
Slovenia
71%
St. Lucia
71%
Sudan
71%
Syria
71%
Thailand
71%
Tunisia
71%
Turkmenistan
71%
Uzbekistan
71%
Yemen
71%
Zambia
71%
Zimbabwe
71%
Albania
64%
Antigua and Barbuda
64%
Belize
64%
Bolivia
64%
Burkina Faso
64%
Burundi
64%
Central African Republic
64%
Comoros
64%
Djibouti
64%
East Timor
64%
Equatorial Guinea
64%
Gambia
64%
Ghana
64%
Grenada
64%
Guinea
64%
Guyana
64%
Haiti
64%
Honduras
64%
Kiribati
64%
Kuwait
64%
Laos
64%
Liberia
64%
Mozambique
64%
Myanmar
64%
Nauru
64%
Netherlands
64%
Nicaragua
64%
Nigeria
64%
Oman
64%
Palau
64%
Papua New Guinea
64%
Sao Tome & Principe
64%
Senegal
64%
South Sudan
64%
Sri Lanka
64%
St. Kitts & Nevis
64%
St. Vincent and the Grenadines
64%
Tajikistan
64%
Tanzania
64%
Tonga
64%
Trinidad & Tobago
64%
Tuvalu
64%
Gabon
57%
Guinea-Bissau
57%
Mali
57%
Mauritania
57%
Mauritius
57%
Namibia
57%
Rep. of the Congo
57%
Samoa
57%
Solomon Islands
57%
Suriname
57%
Togo
57%
Vanuatu
57%
Cameroon
50%
No matching quizzes found
Score Distribution
Percent of People with Each Score
Percentile by Number Answered
Your Score History
You have not taken this quiz